Entry Nombre personal
001 - NÚMERO DE CONTROL
- campo de control: 176466
003 - IDENTIFICADOR DE NÚMERO DE CONTROL
- campo de control: SpMaBN
005 - FECHA Y HORA DE LA ÚLTIMA TRANSACCIÓN
- campo de control: 20230508150827.0
008 - ELEMENTOS DE DATO DE LONGITUD-FIJA
- campo de control de longitud fija: 160223na aaaaaaaaa a aaa
010 ## - NÚMERO DE CONTROL DE LA BIBLIOTECA DEL CONGRESO
- Número de control de LC: XX5579801
024 7# - IDENTIFICADOR DE OTROS ESTÁNDARES
- Número estándar o código: http://viaf.org/viaf/1146284221715330232/
- Fuente: viaf
040 ## - FUENTE DE CATALOGACIÓN
- Centro catalogador/agencia de origen: SpMaBN
- Lengua de catalogación: spa
- Centro/agencia transcriptor: Es-MaACL
- Normas de descripción: rdc
- Convención/Normas de encabezamiento de materia/tesauro: embne
100 1# - ENCABEZAMIENTO-NOMBRE DE PERSONA
- Nombre de persona: Padrón, Carlos
- Forma completa/desarrollada del nombre: (Padrón Estarriol)
375 ## - GÉNERO/SEXO
- Género: Masculino
400 1# - TRAZADO DE VÉASE--NOMBRE DE PERSONA
- Nombre de persona: Padrón Estarriol, Carlos
670 ## - FUENTE DE DATOS ENCONTRADOS
- Cita de la fuente: Los cuentos infantiles, 2015;
- Información encontrada: port. (coord. Carlos Padrón; Asociación Psicoanalítica de Madrid )
670 ## - FUENTE DE DATOS ENCONTRADOS
- Cita de la fuente: WWW Asociación Psicoanalítica de Madrid, 23-02-2016;
- Información encontrada: (Carlos Padrón Estarriol)
670 ## - FUENTE DE DATOS ENCONTRADOS
- Cita de la fuente: WWW Bn España aut., 8-5-2023;
- Información encontrada: [Padrón, Carlos (Padrón Estarriol)]
954 ## - CATALOGADOR -ALTA REGISTRO
- Nombre del catalogador: Inmaculada Vicente Garcia
